| 000 | 00440nam a2200157 4500 | ||
|---|---|---|---|
| 005 | 20260507103921.0 | ||
| 008 | 260507b |||||||| |||| 00| 0 eng d | ||
| 020 | _a9781032716084 | ||
| 082 |
_a371.33 _bLAH-E |
||
| 100 | _aLahby Mohamed | ||
| 245 |
_aEmpowering Digital Education With ChatGpt _bFrom Theoretical To Practical Applications |
||
| 260 |
_aUK _bCRC Press Publishers |
||
| 300 | _a288p | ||
| 650 | _aEducation | ||
| 942 | _cBK | ||
| 999 |
_c47542 _d47542 |
||